Langues natales de Personnages Célèbres - Choix Multiple - Statistiques

Statistiques générales
  • Ce quiz a été pris 208 fois
  • Le résultat moyen est 8 sur 20
Statistiques - réponses
Question Réponse % Correct
Napoléon Bonaparte Corse/Italien
67%
Jules César Latin
65%
Jésus-Christ Araméen
59%
Mère Teresa Albanais
57%
Joseph Staline Géorgien
57%
Frédéric Chopin Polonais
57%
Bruce Lee Cantonais
47%
Henri IV Français
44%
Cléopâtre VII Grec
44%
Sitting Bull Lakota
43%
Nelson Mandela Xhosa
42%
Haïlé Sélassié (Ras Tafari) Amharique
41%
François-Ferdinand de Habsbourg-Lorraine Allemand
35%
Richard Cœur de Lion Français
35%
Franz Kafka Allemand
26%
Baruch Spinoza Portugais
15%
Catherine la Grande Allemand
13%
Mohandas Gandhi Gujarati
8%
Mao Zedong Xiang
7%
Guillaume Apollinaire Polonais et Italien
5%
Aucun quiz correspondant
Distribution des résultats
% des personnes avec chaque résultat
Percentile par nombre de réponses
Votre historique - résultats
Vous n’avez pas pris ce quiz